000 00590nam a2200193 i 4500
001 bgj
100 1 _aTURGENEV, Ivan
_d(1818-1883)
245 1 0 _aFathers and sons /
_cIvan Turgenev ; a translation by George Reavy ; with a foreword by Alan Hodge.
260 _aNew York :
_bThe New American Library,
_c1961.
300 _aIX, 207 pp ;
_c18 cm.
650 9 _aNon-English literature
650 9 _aRussian literature
700 1 _aREAVY, George.
_etranslator
700 1 _aHODGE, Alan
040 _cBPK
041 0 _aeng
_hrus
942 _cKS
008 s uk f |000 0 eng
999 _c48814
_d48814
856 _uhttp://koha.tu.koszalin.pl/cgi-bin/koha/opac-detail.pl?biblionumber=48814
_yKatalog online BPK